Immigration Act update (Record no. 84582)

MARC details
000 -LEADER
fixed length control field 01565cab a22002055a 4500
001 - CONTROL NUMBER
control field L158389
008 - FIXED-LENGTH DATA ELEMENTS--GENERAL INFORMATION
fixed length control field 150129e2015 xxk 000 0 eng d
035 ## - SYSTEM CONTROL NUMBER
System control number (Sirsi) u158389
041 0# - LANGUAGE CODE
Language code of text/sound track or separate title eng
100 1# - MAIN ENTRY--PERSONAL NAME
Personal name Thompson, Adrian
245 00 - TITLE STATEMENT
Title Immigration Act update
Remainder of title Checking a person's right to rent
260 ## - PUBLICATION, DISTRIBUTION, ETC.
Date of publication, distribution, etc. 2015
490 ## - SERIES STATEMENT
Series statement Letting Update Journal
Volume/sequential designation 22(4) Januuary 2015, 12-15(4)
520 ## - SUMMARY, ETC.
Summary, etc. Advises landlords and property managers and agents on procedures for ensuring compliance with the requirements of the Immigration Act 2014 which has been rolled out in pilot areas in Birmingham, Walsall, Sandwell and Wolverhampton on 1 December 2014. It is expected that it will be rolled out to all areas later in 2015. Landlords and those involved in the management of property must verify identity of all perspective tenants including British nationals aged 18 or over by checking a list of prescribed documents which must be originals in their presence and must retain copies and record date checks were made. Where a perspective tenant is unable to provide evidence of his/her rights to stay in the UK, the Landlord Checking Service should be contacted to see if the person has a right to rent in the UK whilst his/her application is being considered by the Home Office. Where the landlord or agent becomes aware that a tenant no longer has any entitlement to remain in the UK he/she should contact the Home Office
590 ## - LOCAL NOTE (RLIN)
Local note KA
650 24 - SUBJECT ADDED ENTRY--TOPICAL TERM
Topical term or geographic name entry element IMMIGRATION ACT 2014
651 #4 - SUBJECT ADDED ENTRY--GEOGRAPHIC NAME
Geographic name United Kingdom
Chronological subdivision
690 ## - LOCAL SUBJECT ADDED ENTRY--TOPICAL TERM (OCLC, RLIN)
Topical term or geographic name as entry element Landlord and tenant
9 (RLIN) 6252
942 ## - ADDED ENTRY ELEMENTS (KOHA)
Suppress in OPAC 0
Holdings
Withdrawn status Lost status Source of classification or shelving scheme Damaged status Not for loan Home library Current library Shelving location Date acquired Total Checkouts Full call number Barcode Date last seen Copy number Price effective from Koha item type
    Dewey Decimal Classification     London London Journal article 29/01/2015   L158389 158389-1001 06/08/2019 1 06/08/2019 Journal article